000 00342nam a2200145 i 4500
001 bg
100 1 _aPADEREWSKI, Karol
245 0 _aLaboratorium kinematyki obrabiarek /
_cKarol Paderewski.
250 _aWyd.2.
260 _aWarszawa,
_c1973.
040 _cBPK
041 _apol
942 _cKS
008 s pl f |000 0 pol
999 _c7595
_d7595
856 _uhttp://koha.tu.koszalin.pl/cgi-bin/koha/opac-detail.pl?biblionumber=7595
_yKatalog online BPK